Normal view
MARC view
- PhD-Manufacturing Engineering and Management
Entry Topical Term
001 - CONTROL NUMBER
- control field: 126180
003 - CONTROL NUMBER IDENTIFIER
- control field: NUST
005 - DATE AND TIME OF LATEST TRANSACTION
- control field: 20240930125911.0
008 - FIXED-LENGTH DATA ELEMENTS
- fixed length control field: 240930|| aca||aabn | a|a d
040 ## - CATALOGING SOURCE
- Original cataloging agency: NUST
- Transcribing agency: NUST
150 ## - HEADING--TOPICAL TERM
- Topical term or geographic name entry element: PhD-Manufacturing Engineering and Management
670 ## - SOURCE DATA FOUND
- Source citation: Work cat.: (NUST): Arif, Humayun 126179, Development of Stirnol Engine for Efficiency Enhancement; A Hybrid of Nitinol and Stirling Engine/
